Centre SPOTT : Anoia : Atenció a menors d'edat amb problemàtica d'addicció a drogues i/o pantalles, i suport a les seves famílies Anoia : Atenció a menors d'edat amb problemàtica d'addicció a drogues i/o pantalles, i suport a les seves famílies
MARC
| LEADER | 00000nam a22000007a 4500 | ||
|---|---|---|---|
| 001 | 27496 | ||
| 003 | Arxiu | ||
| 005 | 20260324181155.0 | ||
| 008 | 230313b spa||||| |||| 00| 0 cat d | ||
| 017 | |a B 18704-2021 | ||
| 040 | |a agdb |b cat | ||
| 110 | 1 | |9 52862 |a Barcelona (Catalunya : Província). |b Centre de Prevenció i Intervenció en Drogodependències SPOTT | |
| 245 | |a Centre SPOTT : |b Anoia : Atenció a menors d'edat amb problemàtica d'addicció a drogues i/o pantalles, i suport a les seves famílies | ||
| 260 | |a Barcelona : |b Diputació de Barcelona. Centre de Prevenció i Intervenció en Drogodependències SPOTT ; |c 2021 | ||
| 300 | |a 1 díptic ; |b il. col. ; |c 10 x 21 cm. | ||
| 650 | 0 | |2 Arxiu |9 39174 |a Joves |x Consum de drogues | |
| 650 | 0 | |a Drogoaddictes |x Assistència institucional |z Anoia (Catalunya) | |
| 650 | 0 | |a Addictes |x Assistència institucional |z Anoia (Catalunya) | |
| 710 | |a Barcelona (Catalunya : Província). |b Àrea d'Igualtat i Sostenibilitat Social |9 55833 | ||
| 710 | 1 | |a Anoia (Catalunya). |b Consell Comarcal |9 51340 | |
| 710 | |9 55957 |a Piera (Catalunya). |b Ajuntament | ||
| 942 | |2 udc |c ARXIU |n 1 | ||
| 952 | |0 0 |1 0 |2 udc |4 0 |6 FU74133 |7 1 |9 65591 |a Arxiu |b Arxiu |d 2023-03-13 |l 0 |o FU-74-133 |p 27496 |r 2023-03-13 00:00:00 |w 2023-03-13 |y ARXIU | ||
| 999 | |c 83176 |d 83176 | ||